Quiz Geografía - "Nuevos" lugares - Estadísticas

Estadísticas generales
  • Esta prueba ha sido intentada 191 veces
  • La puntuación promedio es 6 de 14
Estadísticas de respuestas
Pista Lugar % Correcto
Ciudad de la Gran Manzana Nueva York
96%
País que es potencia mundial en rugby Nueva Zelanda
89%
Capital del país más poblado del mundo Nueva Delhi
84%
Isla al norte de Australia, compartida por dos países Nueva Guinea
49%
Ciudad arrasada por el huracán Katrina de 2005 Nueva Orleans
48%
Dependencia francesa cercana a Australia Nueva Caledonia
43%
Capital de Benín Porto Novo
41%
Estado de Australia Nueva Gales del Sur
39%
Ciudad más poblada del nordeste de Inglaterra Newcastle
35%
Segundo estado más pequeño de Canadá, cuya capital es Halifax Nueva Escocia
33%
Estado mexicano cuya capital es Monterrey Nuevo León
33%
Región francesa limítrofe con España Nueva Aquitania
20%
Tercera ciudad más poblada de Rusia, en el sur de Siberia Novosibirsk
19%
Ciudad eslovena limítrofe con Italia Nova Gorica
7%
No se encontraron pruebas coincidentes
Distribución de puntuación
Porcentaje de gente con cada puntuación
Porcentaje por número respondido
Historial de tus puntuaciones
No has intentado esta prueba.